[Event "TCh-FRA Top 12 2021"]
[Site "Chalons en Champagne FRA"]
[Date "2021.06.24"]
[Round "1.3"]
[Board "5"]
[White "Milliet, Sophie"]
[Black "Delchev, Aleksander"]
[Result "0-1"]
[WhiteTitle "IM"]
[BlackTitle "GM"]
[WhiteElo "2407"]
[BlackElo "2503"]
[WhiteTeam "Grasse Echecs"]
[BlackTeam "Asnieres Le Grand Echiquier"]
[WhiteFideId "623725"]
[BlackFideId "2900394"]
[EventDate "2021.06.24"]

1. e4 e5 2. Nf3 Nc6 3. Bb5 a6 4. Ba4 Nf6 5. O-O Be7 6. Re1 b5 7. Bb3 d6 8. c3
Na5 9. Bc2 c5 10. d4 Qc7 11. Nbd2 Bd7 12. Nf1 cxd4 13. cxd4 Rc8 14. Ne3 Ng4 15.
Bd3 Nxe3 16. Bxe3 O-O 17. Qe2 Bg4 18. h3 exd4 19. Bxd4 Bxf3 20. Qxf3 Nc6 21. Bc3
Ne5 22. Qg3 Qb6 23. a4 Bf6 24. axb5 axb5 25. Bf1 b4 26. Bd2 Rc2 27. Be3 Qc6 28.
Ra6 Qxe4 29. f4 Nd3 30. Rd1 Nxb2 31. Rdxd6 Rc3 32. Rxf6 Rxe3 33. Qf2 Nd1 34. Qd2
gxf6 35. Qxd1 Qxf4 36. Rd6 Re1 37. Qxe1 Qxd6 38. Qe4 Rd8 39. Qg4+ Kh8 40. Qf5
Qe5 0-1

[Event "TCh-FRA Top 12 2021"]
[Site "Chalons en Champagne FRA"]
[Date "2021.06.24"]
[Round "1.3"]
[Board "6"]
[White "Degraeve, Jean-Marc"]
[Black "Wirig, Anthony"]
[Result "1/2-1/2"]
[WhiteTitle "GM"]
[BlackTitle "GM"]
[WhiteElo "2527"]
[BlackElo "2500"]
[WhiteTeam "Asnieres Le Grand Echiquier"]
[BlackTeam "Grasse Echecs"]
[WhiteFideId "600270"]
[BlackFideId "615013"]
[EventDate "2021.06.24"]

1. e4 c5 2. Nf3 e6 3. c3 Nf6 4. e5 Nd5 5. Bc4 d6 6. d4 cxd4 7. cxd4 Nb6 8. Bb3
dxe5 9. Nxe5 Nc6 10. Nxc6 bxc6 11. O-O Be7 12. Bf4 O-O 13. Be5 Ba6 14. Re1 Nc4
15. Qg4 Nxe5 16. dxe5 Rb8 17. Nc3 Rb4 18. Re4 Rxe4 19. Nxe4 Qa5 20. Qg3 Rd8 21.
Bc2 Kf8 22. Ng5 1/2-1/2

[Event "TCh-FRA Top 12 2021"]
[Site "Chalons en Champagne FRA"]
[Date "2021.06.24"]
[Round "1.3"]
[Board "7"]
[White "Riff, Vincent"]
[Black "Vaisser, Anatoly"]
[Result "1-0"]
[WhiteTitle "FM"]
[BlackTitle "GM"]
[WhiteElo "2405"]
[BlackElo "2501"]
[WhiteTeam "Grasse Echecs"]
[BlackTeam "Asnieres Le Grand Echiquier"]
[WhiteFideId "617776"]
[BlackFideId "603252"]
[EventDate "2021.06.24"]

1. e4 e6 2. d4 d5 3. exd5 exd5 4. Nf3 Nf6 5. Bd3 Bg4 6. O-O Be7 7. Nbd2 O-O 8.
c3 c5 9. dxc5 Bxc5 10. Nb3 Bb6 11. Bg5 h6 12. Bh4 g5 13. Bg3 Ne4 14. Be2 Nc6 15.
Nfd4 Bxe2 16. Qxe2 Qf6 17. Rad1 Rfe8 18. Qh5 Re7 19. Rd3 Rae8 20. Qd1 Qg6 21.
Rf3 h5 22. Nf5 Rd7 23. h3 Nxg3 24. Nxg3 h4 25. Nf5 Ne5 26. Nbd4 Nxf3+ 27. Qxf3
Re4 28. Rd1 Bxd4 29. Rxd4 Qe6 30. Ne3 Kg7 31. Qd1 Kg6 32. Rd3 f5 33. Kf1 Qa6 34.
Kg1 Qxa2 35. Nxd5 Rf7 36. Ne3 Re6 37. Rd8 Qa5 38. Rh8 1-0

[Event "TCh-FRA Top 12 2021"]
[Site "Chalons en Champagne FRA"]
[Date "2021.06.24"]
[Round "1.3"]
[Board "8"]
[White "Guichard, Pauline"]
[Black "Janzelj, Lara"]
[Result "1/2-1/2"]
[WhiteTitle "IM"]
[BlackTitle "WIM"]
[WhiteElo "2413"]
[BlackElo "2185"]
[WhiteTeam "Asnieres Le Grand Echiquier"]
[BlackTeam "Grasse Echecs"]
[WhiteFideId "639370"]
[BlackFideId "14608391"]
[EventDate "2021.06.24"]

1. d4 d5 2. Nf3 Nf6 3. Bf4 e6 4. e3 Bd6 5. Bg3 O-O 6. Nbd2 b6 7. c3 c5 8. Bd3
Ba6 9. Bxa6 Nxa6 10. Qe2 Nb8 11. e4 Be7 12. Bxb8 dxe4 13. Be5 exf3 14. Nxf3 cxd4
15. Rd1 Qd5 16. a3 Rfd8 17. Rxd4 Qa2 18. O-O Bxa3 19. Bxf6 gxf6 20. Qe4 Bc5 21.
Rd2 Qb3 22. h4 Rac8 23. Qg4+ Kh8 24. Qf4 Kg7 25. h5 h6 26. Re1 Rd5 27. Re4 Bd6
28. Qg4+ Kh7 29. Red4 Rg8 30. Qh4 Rxd4 31. Qxd4 Bc5 32. Qxf6 Rg7 33. Ne5 Qa4 34.
Nxf7 Qg4 35. Kf1 Qxg2+ 36. Ke2 Qe4+ 37. Kf1 Qh1+ 38. Ke2 Qe4+ 39. Kf1 Qh1+ 40.
Ke2 1/2-1/2

[Event "TCh-FRA Top 12 2021"]
[Site "Chalons en Champagne FRA"]
[Date "2021.06.24"]
[Round "1.4"]
[Board "1"]
[White "Kasimdzhanov, Rustam"]
[Black "Grandelius, Nils"]
[Result "1-0"]
[WhiteTitle "GM"]
[BlackTitle "GM"]
[WhiteElo "2662"]
[BlackElo "2670"]
[WhiteTeam "Vandoeuvre Echecs"]
[BlackTeam "Echiquier Chalonnais"]
[WhiteFideId "14200244"]
[BlackFideId "1710400"]
[EventDate "2021.06.24"]

1. d4 Nf6 2. c4 g6 3. Nc3 d5 4. cxd5 Nxd5 5. e4 Nxc3 6. bxc3 Bg7 7. Bc4 c5 8.
Ne2 Nc6 9. Be3 O-O 10. O-O Bg4 11. f3 Bd7 12. Rb1 Qc7 13. Qd2 Rad8 14. Rfc1 b6
15. Bf4 Qb7 16. Bh6 Na5 17. Bd3 e5 18. Bxg7 Kxg7 19. Qe3 Qc7 20. f4 f6 21. h3
Qd6 22. d5 Rde8 23. Rf1 f5 24. exf5 exf4 25. Qxf4 Qxf4 26. Nxf4 Bxf5 27. Bxf5
Rxf5 28. g4 Rf7 29. Ne6+ Kg8 30. Rxf7 Kxf7 31. Ng5+ Kg8 32. Rf1 Nc4 33. Rf6 Ne5
34. Kg2 b5 35. Ra6 Nc4 36. d6 Rd8 37. Ne4 b4 38. cxb4 cxb4 39. Rxa7 Nxd6 40.
Nf6+ Kf8 41. Nxh7+ Kg8 42. Nf6+ Kf8 43. Rd7 Nf7 44. Rxd8+ Nxd8 45. Nd7+ Ke7 46.
Ne5 Kf6 47. Nd3 Nc6 48. h4 Ke6 49. Kf3 Kd5 50. Nf4+ Kd4 51. Nxg6 Kc3 52. h5 Kb2
53. h6 Nd8 54. Ne5 Ne6 55. Nd3+ 1-0

[Event "TCh-FRA Top 12 2021"]
[Site "Chalons en Champagne FRA"]
[Date "2021.06.24"]
[Round "1.4"]
[Board "3"]
[White "Hamitevici, Vladimir"]
[Black "Fedorchuk, Sergey A."]
[Result "1/2-1/2"]
[WhiteTitle "GM"]
[BlackTitle "GM"]
[WhiteElo "2456"]
[BlackElo "2616"]
[WhiteTeam "Vandoeuvre Echecs"]
[BlackTeam "Echiquier Chalonnais"]
[WhiteFideId "13902393"]
[BlackFideId "14102536"]
[EventDate "2021.06.24"]

1. d4 Nf6 2. c4 e6 3. Nf3 b6 4. g3 Ba6 5. b3 Bb4+ 6. Bd2 Be7 7. Bg2 c6 8. Bc3 d5
9. Nbd2 Nbd7 10. a4 O-O 11. O-O c5 12. Bb2 Rc8 13. a5 b5 14. cxd5 Nxd5 15. dxc5
Nxc5 16. Nd4 Bf6 17. Qb1 b4 18. Ne4 Nc3 19. Bxc3 bxc3 20. Nc6 Rxc6 21. Nxf6+
Qxf6 22. Bxc6 Bxe2 23. b4 Nd3 24. Be4 Bxf1 25. Bxd3 Bxd3 26. Qxd3 Rd8 27. Qe4 h5
28. Rc1 Rd4 29. Qe3 Rxb4 30. Qxa7 Qf3 31. Qc5 Ra4 32. Qxc3 Qxc3 33. Rxc3 Rxa5
34. h4 e5 35. Rc7 g6 36. Rb7 Kg7 37. Rb6 Ra3 38. Kg2 Rd3 39. Ra6 Rd7 40. Kf3 f5
41. Re6 Rd5 42. Ra6 Kf7 43. Ke2 Rd4 44. Ra7+ Ke6 45. Ra6+ Rd6 46. Ra4 Rc6 47.
Ke3 Rc3+ 48. Kd2 Rb3 49. Ke2 Kd5 50. Ra5+ Kd4 51. Ra4+ Kc5 52. Ra5+ Rb5 53. Ra6
Rb6 54. Ra5+ Kd6 55. Ra4 Rc6 56. Ra5 Ke6 57. Kd3 Rb6 58. Ra4 Kf6 59. Ke2 g5 60.
hxg5+ Kxg5 61. Ra5 e4 62. Ra8 Rb2+ 63. Ke3 Rb3+ 64. Ke2 Kg4 65. Rg8+ Kh3 66. Rg5
Rf3 67. Kf1 e3 68. Rxh5+ Kg4 69. Rh4+ Kg5 70. Rf4 Rxf4 71. gxf4+ Kxf4 72. Ke2
exf2 73. Kxf2 Ke4 74. Ke2 f4 75. Kf2 f3 76. Kf1 Ke3 77. Ke1 f2+ 78. Kf1 Kf3 1/2-1/2

[Event "TCh-FRA Top 12 2021"]
[Site "Chalons en Champagne FRA"]
[Date "2021.06.24"]
[Round "1.4"]
[Board "4"]
[White "Edouard, Romain"]
[Black "Brunner, Nicolas"]
[Result "0-1"]
[WhiteTitle "GM"]
[BlackTitle "IM"]
[WhiteElo "2598"]
[BlackElo "2418"]
[WhiteTeam "Echiquier Chalonnais"]
[BlackTeam "Vandoeuvre Echecs"]
[WhiteFideId "633429"]
[BlackFideId "620246"]
[EventDate "2021.06.24"]

1. e4 c5 2. Nf3 d6 3. Bb5+ Nd7 4. O-O a6 5. Bd3 Ngf6 6. Re1 e6 7. a4 b6 8. c3
Bb7 9. Qe2 Be7 10. Bc2 O-O 11. d4 Qc7 12. Bg5 Rfe8 13. Bd3 c4 14. Bc2 b5 15.
Nbd2 Bf8 16. Nf1 e5 17. d5 g6 18. Ng3 Bg7 19. h4 Nc5 20. h5 Reb8 21. Nh2 Bc8 22.
Qf3 Ncd7 23. hxg6 hxg6 24. axb5 axb5 25. Ngf1 Nh7 26. Bh4 Nc5 27. Ne3 Na4 28.
Bxa4 Rxa4 29. Rxa4 bxa4 30. Qe2 Ba6 31. Ra1 Qd7 32. Nhf1 Bh6 33. Qd1 Bb5 34. Ng4
Bg7 35. Nd2 Qc7 36. Ne3 Bh6 37. Nc2 Qd7 38. Na3 Bxd2 39. Qxd2 Qg4 40. Be7 Qd7
41. Bg5 Qg4 42. Bh6 Qxe4 43. Nxb5 Rxb5 44. Rxa4 Nf6 45. Ra8+ Kh7 46. Bf8 Ng4 47.
Ra1 Rxd5 48. f3 Rxd2 49. fxe4 Rxb2 50. Bxd6 Re2 51. g3 Rxe4 52. Ra7 Kg7 53. Kg2
Re3 54. Kh3 Nh6 55. Ra5 f6 56. Ra7+ Nf7 57. Bb4 f5 58. Kg2 g5 59. Rc7 Re4 60.
Be7 g4 61. Kf2 f4 62. Bc5 Kg6 63. Rc6+ Kh5 64. gxf4 exf4 65. Bd4 g3+ 66. Kg2 Ng5
67. Rc8 Re2+ 68. Kf1 f3 69. Rh8+ Kg4 70. Rg8 g2+ 0-1

[Event "TCh-FRA Top 12 2021"]
[Site "Chalons en Champagne FRA"]
[Date "2021.06.24"]
[Round "1.4"]
[Board "5"]
[White "Philippe, Christophe"]
[Black "David, Alberto"]
[Result "1/2-1/2"]
[WhiteTitle "IM"]
[BlackTitle "GM"]
[WhiteElo "2386"]
[BlackElo "2527"]
[WhiteTeam "Vandoeuvre Echecs"]
[BlackTeam "Echiquier Chalonnais"]
[WhiteFideId "610038"]
[BlackFideId "4000013"]
[EventDate "2021.06.24"]

1. d4 Nf6 2. Nf3 b6 3. Bf4 e6 4. Nbd2 Bb7 5. e3 Be7 6. Bd3 c5 7. c3 cxd4 8. exd4
d6 9. O-O Nbd7 10. Qe2 a6 11. h3 O-O 12. Bh2 Re8 13. a4 Bf8 14. Ne4 Nxe4 15.
Bxe4 Bxe4 16. Qxe4 Nf6 17. Qe2 Qd7 18. c4 d5 19. b3 Bb4 20. Rfc1 Rec8 21. Ne5
Qb7 22. Rc2 a5 23. Rac1 Ba3 24. Ra1 Qe7 25. c5 Bb4 26. cxb6 Qb7 27. Rac1 Rxc2
28. Qxc2 Qxb6 29. Qc7 Qxc7 30. Rxc7 Bd6 31. Rc6 Ba3 32. Bf4 h6 33. Rc7 Bd6 34.
Rc6 Ba3 35. Rc7 Bd6 36. Rc6 1/2-1/2

[Event "TCh-FRA Top 12 2021"]
[Site "Chalons en Champagne FRA"]
[Date "2021.06.24"]
[Round "1.4"]
[Board "6"]
[White "Guilleux, Fabien"]
[Black "Savina, Anastasia"]
[Result "0-1"]
[WhiteTitle "IM"]
[BlackTitle "IM"]
[WhiteElo "2448"]
[BlackElo "2333"]
[WhiteTeam "Echiquier Chalonnais"]
[BlackTeam "Vandoeuvre Echecs"]
[WhiteFideId "657883"]
[BlackFideId "4196872"]
[EventDate "2021.06.24"]

1. Nf3 Nf6 2. c4 g6 3. Nc3 Bg7 4. e4 d6 5. d4 O-O 6. Be2 Nbd7 7. Be3 Ng4 8. Bg5
h6 9. Bh4 c5 10. O-O a6 11. Rc1 cxd4 12. Nxd4 Ngf6 13. Qc2 Nc5 14. Rfd1 g5 15.
Bg3 Qb6 16. Rb1 e5 17. Nf5 Bxf5 18. exf5 Rac8 19. h4 g4 20. Nd5 Nxd5 21. Rxd5
Nd7 22. Rbd1 Rc6 23. b3 Nf6 24. R5d2 h5 25. Kh2 Bh6 26. Rxd6 Rxd6 27. c5 Rc6 28.
Bxe5 Rxc5 29. Qb2 Rxe5 30. Qxe5 Re8 31. Qb2 Qxf2 32. Qxf6 Bf4+ 33. Kh1 Qxe2 0-1

[Event "TCh-FRA Top 12 2021"]
[Site "Chalons en Champagne FRA"]
[Date "2021.06.24"]
[Round "1.4"]
[Board "7"]
[White "Mathieu, Phileas"]
[Black "Velten, Paul"]
[Result "0-1"]
[WhiteTitle "FM"]
[BlackTitle "GM"]
[WhiteElo "2240"]
[BlackElo "2482"]
[WhiteTeam "Vandoeuvre Echecs"]
[BlackTeam "Echiquier Chalonnais"]
[WhiteFideId "36048410"]
[BlackFideId "681091"]
[EventDate "2021.06.24"]

1. e4 c6 2. Nf3 d5 3. Nc3 Bg4 4. h3 Bxf3 5. Qxf3 e6 6. d3 Bc5 7. g3 Ne7 8. Bg2
O-O 9. O-O Nd7 10. Qe2 a5 11. a4 Qc7 12. Kh2 Rae8 13. f4 f5 14. Bd2 d4 15. Nd1
e5 16. Nf2 Bd6 17. Qf3 exf4 18. gxf4 Ng6 19. e5 Bxe5 20. Nh1 Bd6 21. Ng3 Nc5 22.
Qf2 Ne6 23. Ne2 Kh8 24. Kh1 Bc5 25. Rg1 Rf7 26. Raf1 Ne7 27. Bf3 Rf6 28. Re1 Qd8
29. Ng3 Nd5 30. Bxd5 Qxd5+ 31. Kh2 Bd6 32. Nh5 Rg6 33. Ng3 Rf8 34. Re2 b6 35.
Rge1 h6 36. b3 Nc7 37. Rg1 c5 38. Qf1 Re8 39. Reg2 Re7 40. Qf2 Ne8 41. Ne2 Rxg2+
42. Qxg2 Qf7 43. Ng3 Bc7 44. Qf3 Kh7 45. Rg2 g6 46. Re2 Nf6 47. Kg2 Rxe2+ 48.
Nxe2 Nd5 49. Ng3 Kg7 50. Ne2 Qe6 51. c4 dxc3 52. Nxc3 Bxf4 53. Qxd5 Qxd5+ 54.
Nxd5 Bxd2 55. Nxb6 g5 56. Kf3 h5 57. Ke2 Bc3 58. Nd5 Be5 59. Ne7 Kf6 60. Nc6 Bc3
61. d4 cxd4 62. b4 Bxb4 0-1

[Event "TCh-FRA Top 12 2021"]
[Site "Chalons en Champagne FRA"]
[Date "2021.06.24"]
[Round "1.4"]
[Board "8"]
[White "Alexieva, Silvia"]
[Black "Steil-Antoni, Fiona"]
[Result "1/2-1/2"]
[WhiteTitle "IM"]
[BlackTitle "WIM"]
[WhiteElo "2271"]
[BlackElo "2129"]
[WhiteTeam "Echiquier Chalonnais"]
[BlackTeam "Vandoeuvre Echecs"]
[WhiteFideId "2902265"]
[BlackFideId "4001249"]
[EventDate "2021.06.24"]

1. d4 d6 2. Nf3 Bg4 3. e3 Nd7 4. c4 e5 5. Nc3 Ngf6 6. Be2 Be7 7. O-O O-O 8. e4
c6 9. Be3 Re8 10. d5 c5 11. Rb1 b6 12. b4 cxb4 13. Rxb4 Nc5 14. Qc2 Nfd7 15. a4
f5 16. exf5 Rf8 17. f6 Rxf6 18. Ng5 Bf5 19. Nge4 Rf8 20. Ra1 Qe8 21. a5 Qg6 22.
f3 bxa5 23. Rxa5 Bd8 24. Ra3 Bb6 25. Qd2 Nxe4 26. Nxe4 Bxe4 27. fxe4 Bxe3+ 28.
Qxe3 Nc5 29. Bf3 Rf4 30. Qe2 Raf8 31. Re3 Qf6 32. h3 h5 33. Rb1 g6 34. Rf1 Qg5
35. Ra1 R8f7 36. Kh2 R4f6 37. Rb1 Qf4+ 38. Kg1 Kg7 39. Ra3 Qg5 40. Kh2 Qf4+ 41.
Kh1 Qh4 42. Kh2 Qf4+ 43. Kh1 a6 44. Qe1 Qh6 45. Qe2 g5 46. Kg1 Rf4 47. Re3 g4
48. hxg4 hxg4 49. Bxg4 Rf2 50. Qxf2 Rxf2 51. Kxf2 Qh4+ 52. Kf3 Qg5 53. Bf5 Qh5+
54. Kg3 Qg5+ 55. Kf2 Qh4+ 56. Kg1 a5 57. Rb8 Qf4 58. Rf3 Qc1+ 59. Kh2 Qh6+ 60.
Bh3 Nxe4 61. Rb7+ Kg8 62. Ra7 1/2-1/2

[Event "TCh-FRA Top 12 2021"]
[Site "Chalons en Champagne FRA"]
[Date "2021.06.24"]
[Round "1.5"]
[Board "1"]
[White "Lagarde, Maxime"]
[Black "Bluebaum, Matthias"]
[Result "0-1"]
[WhiteTitle "GM"]
[BlackTitle "GM"]
[WhiteElo "2648"]
[BlackElo "2669"]
[WhiteTeam "C'Chartres Echecs"]
[BlackTeam "Philidor Mulhouse"]
[WhiteFideId "662399"]
[BlackFideId "24651516"]
[EventDate "2021.06.24"]

1. e4 c6 2. d4 d5 3. e5 Bf5 4. h4 h5 5. Bd3 Bxd3 6. Qxd3 Qa5+ 7. Nd2 e6 8. Ne2
Ne7 9. O-O Qa6 10. c4 Nf5 11. b3 c5 12. dxc5 Nc6 13. a3 Bxc5 14. b4 Nxe5 15. Qb1
Nxc4 16. bxc5 Nxd2 17. Bxd2 Qxe2 18. Qxb7 O-O 19. Bf4 Qg4 20. Bd6 Nxh4 21. g3
Nf3+ 22. Kg2 Qe4 23. Kh1 Ne1+ 24. f3 Nxf3 25. Rf2 Ne5+ 26. Rg2 Rfc8 27. Rf1 f6
28. Rf4 Qe3 29. Rff2 Ng4 30. Re2 Qd3 31. Re1 Ne3 32. Rge2 Nc2 33. Rxc2 Qxc2 34.
Rxe6 Qd1+ 35. Kh2 Re8 36. Re7 Kh8 37. c6 Rac8 38. Qd7 Red8 39. Qe6 Qc2+ 40. Kh3
Qe4 0-1

[Event "TCh-FRA Top 12 2021"]
[Site "Chalons en Champagne FRA"]
[Date "2021.06.24"]
[Round "1.5"]
[Board "2"]
[White "Gajewski, Grzegorz"]
[Black "Bauer, Christian"]
[Result "1/2-1/2"]
[WhiteTitle "GM"]
[BlackTitle "GM"]
[WhiteElo "2603"]
[BlackElo "2639"]
[WhiteTeam "Philidor Mulhouse"]
[BlackTeam "C'Chartres Echecs"]
[WhiteFideId "1116207"]
[BlackFideId "603767"]
[EventDate "2021.06.24"]

1. d4 Nf6 2. c4 e6 3. Nf3 Bb4+ 4. Bd2 a5 5. Nc3 O-O 6. Qc2 d5 7. e3 b6 8. cxd5
exd5 9. a3 Bd6 10. Nb5 Ne4 11. Nxd6 Qxd6 12. Bd3 Ba6 13. Bxe4 dxe4 14. Qxe4 Nd7
15. Bc3 Rfe8 16. Qc2 Nf6 17. O-O-O Bb7 18. d5 Nxd5 19. h4 Qg6 20. Qxg6 hxg6 21.
Rd3 1/2-1/2

[Event "TCh-FRA Top 12 2021"]
[Site "Chalons en Champagne FRA"]
[Date "2021.06.24"]
[Round "1.5"]
[Board "3"]
[White "Mamedov, Rauf"]
[Black "Rakotomaharo, Fy Antenaina"]
[Result "1-0"]
[WhiteTitle "GM"]
[BlackTitle "IM"]
[WhiteElo "2654"]
[BlackElo "2435"]
[WhiteTeam "C'Chartres Echecs"]
[BlackTeam "Philidor Mulhouse"]
[WhiteFideId "13401653"]
[BlackFideId "13100050"]
[EventDate "2021.06.24"]

1. e4 e5 2. Nc3 Nf6 3. Nf3 Nc6 4. Bb5 Nd4 5. O-O c6 6. Bd3 Nxf3+ 7. Qxf3 d6 8.
Be2 Bg4 9. Qe3 h5 10. d4 Qb6 11. Rd1 Be7 12. a4 a5 13. h3 exd4 14. Rxd4 Bxe2 15.
Nxe2 d5 16. e5 Nd7 17. e6 fxe6 18. Qxe6 c5 19. Qxb6 Nxb6 20. Rd1 Bf6 21. Nf4 Rd8
22. Ra3 Rd6 23. Rb3 d4 24. Rb5 Nxa4 25. Ng6 Rg8 26. Rxb7 Re6 27. Kf1 Bd8 28. Nf4
Re5 29. c3 Bb6 30. cxd4 cxd4 31. Bd2 Rf8 32. Rb8+ Bd8 33. Ng6 1-0

[Event "TCh-FRA Top 12 2021"]
[Site "Chalons en Champagne FRA"]
[Date "2021.06.24"]
[Round "1.5"]
[Board "4"]
[White "Sokolov, Andrei1"]
[Black "Guliyev, Namig"]
[Result "1/2-1/2"]
[WhiteTitle "GM"]
[BlackTitle "GM"]
[WhiteElo "2490"]
[BlackElo "2551"]
[WhiteTeam "Philidor Mulhouse"]
[BlackTeam "C'Chartres Echecs"]
[WhiteFideId "627089"]
[BlackFideId "13400363"]
[EventDate "2021.06.24"]

1. e4 c5 2. Nc3 d6 3. d4 cxd4 4. Qxd4 Nc6 5. Qd2 Nf6 6. b3 e6 7. Bb2 d5 8. exd5
exd5 9. O-O-O Be6 10. Kb1 Qa5 11. Nb5 Qxd2 12. Rxd2 Ne4 13. Re2 O-O-O 14. f3 a6
15. Nd4 Nxd4 16. Bxd4 Bc5 17. Bxc5 Nxc5 18. Rd2 Rhe8 19. Ne2 1/2-1/2

[Event "TCh-FRA Top 12 2021"]
[Site "Chalons en Champagne FRA"]
[Date "2021.06.24"]
[Round "1.5"]
[Board "5"]
[White "Maurizzi, Marc Andria"]
[Black "Burri, Quentin"]
[Result "1/2-1/2"]
[WhiteTitle "IM"]
[BlackTitle "IM"]
[WhiteElo "2503"]
[BlackElo "2415"]
[WhiteTeam "C'Chartres Echecs"]
[BlackTeam "Philidor Mulhouse"]
[WhiteFideId "36083534"]
[BlackFideId "26028654"]
[EventDate "2021.06.24"]

1. e4 c5 2. Nf3 d6 3. Nc3 Nc6 4. Bc4 Nf6 5. d3 g6 6. h3 Bg7 7. a3 O-O 8. O-O a6
9. Bf4 b5 10. Ba2 Bb7 11. Qd2 Nd4 12. Nxd4 cxd4 13. Ne2 d5 14. e5 Nd7 15. Nxd4
Nxe5 16. Bh6 e6 17. Bxg7 Kxg7 18. c3 Nd7 19. b4 Qf6 20. Nb3 Rfc8 21. d4 Nb6 22.
Nc5 Bc6 23. Bb3 a5 24. Nd3 Be8 25. Rfe1 Ra7 26. Ne5 Nd7 27. Nd3 Nb6 28. Rab1
axb4 29. axb4 Rac7 30. Rbc1 Nd7 31. Re3 Qd8 32. Nc5 Nxc5 33. dxc5 1/2-1/2

[Event "TCh-FRA Top 12 2021"]
[Site "Chalons en Champagne FRA"]
[Date "2021.06.24"]
[Round "1.5"]
[Board "6"]
[White "Riff, Jean-Noel"]
[Black "Medvegy, Zoltan"]
[Result "1/2-1/2"]
[WhiteTitle "GM"]
[BlackTitle "GM"]
[WhiteElo "2499"]
[BlackElo "2527"]
[WhiteTeam "Philidor Mulhouse"]
[BlackTeam "C'Chartres Echecs"]
[WhiteFideId "611190"]
[BlackFideId "708402"]
[EventDate "2021.06.24"]

1. e4 e6 2. d4 d5 3. Nd2 dxe4 4. Nxe4 Bd7 5. Nf3 Bc6 6. Bd3 Nd7 7. O-O Ngf6 8.
Ng3 Be7 9. b3 O-O 10. Bb2 Bxf3 11. Qxf3 c6 12. c4 Re8 13. Rfe1 Bf8 14. h4 a5 15.
a3 g6 16. h5 Bg7 17. Rad1 Qb6 18. Bb1 Qa6 19. a4 Qb6 20. Bc1 e5 21. h6 1/2-1/2

[Event "TCh-FRA Top 12 2021"]
[Site "Chalons en Champagne FRA"]
[Date "2021.06.24"]
[Round "1.5"]
[Board "7"]
[White "Devallee, Jeremie"]
[Black "Papadiamandis, Elliot"]
[Result "1/2-1/2"]
[WhiteTitle "FM"]
[BlackTitle "FM"]
[WhiteElo "2220"]
[BlackElo "2327"]
[WhiteTeam "C'Chartres Echecs"]
[BlackTeam "Philidor Mulhouse"]
[WhiteFideId "665240"]
[BlackFideId "36074160"]
[EventDate "2021.06.24"]

1. e4 c5 2. d4 cxd4 3. c3 e5 4. Nf3 Nc6 5. cxd4 exd4 6. Nxd4 Bb4+ 7. Nc3 Nf6 8.
Nc2 Bxc3+ 9. bxc3 O-O 10. Bd3 d5 11. exd5 Re8+ 12. Ne3 Nxd5 13. O-O Nf4 14. Bb5
Qf6 15. Nd5 Nxd5 16. Qxd5 Qxc3 17. Bd2 Qf6 18. Rfe1 Be6 19. Qc5 Qf5 20. Qxf5
Bxf5 21. a4 a6 22. Bf1 Nd4 23. Bc3 Nb3 24. Rad1 Rxe1 25. Rxe1 Be6 26. Re3 Rd8
27. Be2 Nd4 28. a5 Nxe2+ 29. Rxe2 Kf8 30. f4 h5 31. Kf2 Rd5 32. Re5 Rxe5 33.
Bxe5 f6 1/2-1/2

[Event "TCh-FRA Top 12 2021"]
[Site "Chalons en Champagne FRA"]
[Date "2021.06.24"]
[Round "1.5"]
[Board "8"]
[White "Navrotescu, Andreea"]
[Black "Martsynovskaya, Marina"]
[Result "0-1"]
[WhiteTitle "WIM"]
[BlackTitle "WIM"]
[WhiteElo "2253"]
[BlackElo "2046"]
[WhiteTeam "Philidor Mulhouse"]
[BlackTeam "C'Chartres Echecs"]
[WhiteFideId "675946"]
[BlackFideId "609218"]
[EventDate "2021.06.24"]

1. c4 f5 2. Nc3 Nf6 3. d4 e6 4. Nf3 d5 5. Bf4 Bd6 6. e3 O-O 7. Bd3 c6 8. Qc2 Ne4
9. O-O g5 10. Bxd6 Nxd6 11. c5 Ne4 12. Ne5 Nd7 13. f4 Nxe5 14. fxe5 Bd7 15. Bxe4
fxe4 16. Ne2 Qe7 17. Ng3 Rxf1+ 18. Rxf1 Be8 19. b4 a6 20. a4 Kg7 21. Qe2 Bg6 22.
Qg4 Rf8 23. Rb1 Be8 24. h4 h6 25. hxg5 Qxg5 26. Qxg5+ hxg5 27. Nf1 Kg6 28. Nd2
Kh5 29. Nb3 Kg4 30. Na5 Kg3 31. Rf1 Rh8 32. Rb1 Rh2 33. Rb2 Bh5 34. Nb3 Bf3 35.
Nd2 Rxg2+ 36. Kf1 Be2+ 37. Ke1 Bd3 0-1

[Event "TCh-FRA Top 12 2021"]
[Site "Chalons en Champagne FRA"]
[Date "2021.06.24"]
[Round "1.6"]
[Board "1"]
[White "Kirk, Ezra"]
[Black "Rodshtein, Maxim"]
[Result "1/2-1/2"]
[WhiteTitle "IM"]
[BlackTitle "GM"]
[WhiteElo "2447"]
[BlackElo "2614"]
[WhiteTeam "Echiquier Agenais"]
[BlackTeam "Bischwiller"]
[WhiteFideId "600067"]
[BlackFideId "2806851"]
[EventDate "2021.06.24"]

1. e4 e6 2. d4 d5 3. e5 c5 4. c3 Nc6 5. Nf3 Qb6 6. Bd3 cxd4 7. cxd4 Bd7 8. O-O
Nxd4 9. Nbd2 h6 10. Nxd4 Qxd4 11. Nf3 Qb6 12. b4 Ne7 13. Be3 Qd8 14. b5 g6 15.
g4 Bg7 16. Qd2 b6 17. a4 g5 18. Bd4 Ng6 19. h4 Nf4 20. Be3 Nxd3 21. Qxd3 gxh4
22. Rac1 Rc8 23. Rxc8 Bxc8 24. Nd4 Bd7 25. f4 O-O 26. Nc6 Bxc6 27. bxc6 Qc7 28.
Rc1 f6 29. Bd4 fxe5 30. Bxe5 Bxe5 31. fxe5 Kg7 32. Qe3 Rf7 33. Rc2 a6 34. g5 Rf5
35. gxh6+ Kh7 36. a5 bxa5 37. Rg2 Kh8 38. Rg5 d4 39. Qc1 d3 40. Rxf5 exf5 41.
Qc5 1/2-1/2

[Event "TCh-FRA Top 12 2021"]
[Site "Chalons en Champagne FRA"]
[Date "2021.06.24"]
[Round "1.6"]
[Board "2"]
[White "Ragger, Markus"]
[Black "Fantinel, Thibault"]
[Result "1-0"]
[WhiteTitle "GM"]
[BlackTitle "IM"]
[WhiteElo "2680"]
[BlackElo "2380"]
[WhiteTeam "Bischwiller"]
[BlackTeam "Echiquier Agenais"]
[WhiteFideId "1610856"]
[BlackFideId "663395"]
[EventDate "2021.06.24"]

1. e4 c5 2. Nf3 e6 3. d4 cxd4 4. Nxd4 Nc6 5. Nc3 Qc7 6. Be3 a6 7. Nxc6 bxc6 8.
Qf3 Nf6 9. Qg3 Qxg3 10. hxg3 d5 11. Bd3 Bb4 12. Bd2 h6 13. f3 c5 14. exd5 exd5
15. Na4 Bxd2+ 16. Kxd2 c4 17. Rhe1+ Kd8 18. Bf1 Bd7 19. Nc5 a5 20. b3 cxb3 21.
axb3 Kc7 22. Nxd7 Kxd7 23. Ra4 Kd6 24. Rea1 Nh5 25. g4 Ng3 26. Bd3 h5 27. gxh5
Nxh5 28. Ke3 g5 29. Rxa5 Rxa5 30. Rxa5 Nf4 31. Bf1 f5 32. Kf2 Rb8 33. g3 Ne6 34.
Bh3 Nd4 35. c4 dxc4 36. bxc4 Rb2+ 37. Ke3 Nxf3 38. Rd5+ Kc6 39. Kxf3 g4+ 40.
Bxg4 1-0